Diccionario enciclopédico usual (Registro nro. 9502)
[ vista simple ]
| 000 -Cabecera | |
|---|---|
| Campo de control de longitud fija | 00371ntm a22001577a 4500 |
| 005 - Fecha y hora de la última transacción | |
| Campo de control | 20250219125845.0 |
| 008 - Elementos de longitud fija--Información general | |
| Campo de control de longitud fija | 170601b2004 xxu||||| |||| 00| 0 spa d |
| 041 ## - Idioma | |
| Código de idioma | Español |
| 082 ## - Clasificación Decimal Dewey | |
| Número de clasificación | R 463 D545d |
| 245 ## - Título propiamente dicho | |
| Título | Diccionario enciclopédico usual |
| 260 ## - Pie de imprenta | |
| Lugar de publicación, distribución, etc. | México |
| Nombre del editor, distribuidor, etc. | Larousse |
| Fecha de publicación, distribución, etc. | 2004 |
| 300 ## - Descripción física | |
| Extensión | 770 |
| 650 ## - Materia general | |
| Temática (materia general) | DICCIONARIOS |
| 650 ## - Materia general | |
| Temática (materia general) | ESPAÑOL |
| 942 ## - Punto de acceso adicional KOHA | |
| Tipo de ítem KOHA | Referencia |
| Fuente del sistema de clasificación o colocación | Dewey Decimal Classification |
| Signatura completa | Código de barras | Tipo de ítem |
|---|---|---|
| R 463 D545d | 10993 | Referencia |